<?xml version="1.0" encoding="UTF-8"?>
<record
    xmlns:xsi="http://www.w3.org/2001/XMLSchema-instance"
    xsi:schemaLocation="http://www.loc.gov/MARC21/slim http://www.loc.gov/standards/marcxml/schema/MARC21slim.xsd"
    xmlns="http://www.loc.gov/MARC21/slim">

  <leader>00816nam a2200277Ia 4500</leader>
  <controlfield tag="001">22078</controlfield>
  <controlfield tag="005">20260320113340.0</controlfield>
  <controlfield tag="008">260320s9999||||xx |||||||||||||| ||und||</controlfield>
  <datafield tag="022" ind1=" " ind2=" ">
    <subfield code="a">23060565</subfield>
  </datafield>
  <datafield tag="041" ind1=" " ind2=" ">
    <subfield code="a">ESP</subfield>
  </datafield>
  <datafield tag="082" ind1=" " ind2=" ">
    <subfield code="a">HR 150 V. 15 N&#xB0; 1 2025</subfield>
    <subfield code="b">RP.2</subfield>
  </datafield>
  <datafield tag="100" ind1=" " ind2=" ">
    <subfield code="a"></subfield>
    <subfield code="e"></subfield>
  </datafield>
  <datafield tag="110" ind1=" " ind2=" ">
    <subfield code="a">Universidad Cat&#xF3;lica San Pablo</subfield>
  </datafield>
  <datafield tag="245" ind1=" " ind2="0">
    <subfield code="a">Revista de psicolog&#xED;a</subfield>
    <subfield code="b"></subfield>
  </datafield>
  <datafield tag="246" ind1=" " ind2=" ">
    <subfield code="a"></subfield>
    <subfield code="5"></subfield>
    <subfield code="b"></subfield>
  </datafield>
  <datafield tag="260" ind1=" " ind2=" ">
    <subfield code="a">Arequipa :</subfield>
    <subfield code="b">Universidad Cat&#xF3;lica San Pablo,</subfield>
    <subfield code="c">2025</subfield>
  </datafield>
  <datafield tag="300" ind1=" " ind2=" ">
    <subfield code="a">209 p&#xE1;ginas :</subfield>
    <subfield code="b">gr&#xE1;ficos, tablas ;</subfield>
    <subfield code="c">24 cm.</subfield>
    <subfield code="e"></subfield>
  </datafield>
  <datafield tag="440" ind1=" " ind2=" ">
    <subfield code="a"></subfield>
    <subfield code="n"></subfield>
    <subfield code="v"></subfield>
  </datafield>
  <datafield tag="505" ind1=" " ind2=" ">
    <subfield code="a">V. 15, N&#xB0; 1 (Enero-Junio 2025)</subfield>
  </datafield>
  <datafield tag="650" ind1=" " ind2=" ">
    <subfield code="a">PSI</subfield>
  </datafield>
  <datafield tag="653" ind1=" " ind2=" ">
    <subfield code="a">Psicolog&#xED;a - Revista</subfield>
  </datafield>
  <datafield tag="654" ind1=" " ind2=" ">
    <subfield code="a">CPS</subfield>
  </datafield>
  <datafield tag="700" ind1=" " ind2=" ">
    <subfield code="a"></subfield>
    <subfield code="c"></subfield>
  </datafield>
  <datafield tag="856" ind1=" " ind2=" ">
    <subfield code="u">https://revistas.ucsp.edu.pe/index.php/psicologia</subfield>
    <subfield code="z">V&#xE9;ase adem&#xE1;s: Revistas acad&#xE9;micas UCSP</subfield>
  </datafield>
  <datafield tag="942" ind1=" " ind2=" ">
    <subfield code="c">REV</subfield>
    <subfield code="d">JUS</subfield>
    <subfield code="f">MAT</subfield>
    <subfield code="2">ddc</subfield>
    <subfield code="n"></subfield>
  </datafield>
  <datafield tag="999" ind1=" " ind2=" ">
    <subfield code="c">22078</subfield>
    <subfield code="d">22078</subfield>
  </datafield>
  <datafield tag="952" ind1=" " ind2=" ">
    <subfield code="o">HR 150 V. 15 N&#xB0; 1 2025 RP.2</subfield>
    <subfield code="p">1087494</subfield>
    <subfield code="8">UCSP</subfield>
    <subfield code="t">2</subfield>
    <subfield code="7">0</subfield>
    <subfield code="5">2</subfield>
    <subfield code="b">VAB</subfield>
    <subfield code="a">VAB</subfield>
    <subfield code="c">PBA</subfield>
    <subfield code="d">2026-03-10</subfield>
    <subfield code="e">1</subfield>
    <subfield code="3">Psicolog&#xED;a</subfield>
    <subfield code="r">2026-03-20 16:33:40</subfield>
    <subfield code="l">0</subfield>
    <subfield code="w">2026-03-20</subfield>
    <subfield code="y">REV</subfield>
    <subfield code="1">0</subfield>
    <subfield code="2">ddc</subfield>
    <subfield code="4">0</subfield>
    <subfield code="0">0</subfield>
  </datafield>
</record>
